| Record ID | marc_loc_2016/BooksAll.2016.part38.utf8:80035259:843 |
| Source | Library of Congress |
| Download Link | /show-records/marc_loc_2016/BooksAll.2016.part38.utf8:80035259:843?format=raw |
LEADER: 00843cam a2200253 a 4500
001 2010518864
003 DLC
005 20131116074505.0
008 100729s2009 sp a b 000 0 cat d
010 $a 2010518864
020 $a9788492542130
020 $a8492542136
035 $a(OCoLC)ocn624432002
040 $aHLS$cHLS$dI5B$dBNM$dCUY$dC3L$dDLC
042 $alccopycat
050 00 $aDS135.S7$bC47 2009
100 1 $aCivera i Gómez, Manuel,$d1947
245 10 $aMorvedre hebreu (segles XIII-XVI) /$cManuel Civera i Gómez.
260 $aCatarroja :$bEditorial Afers,$c2009.
300 $a428 p. :$bill. ;$c24 cm.
504 $aIncludes bibliographical references.
650 0 $aJews$zSpain$xHistory.
650 0 $aJews$zSpain$xHistory$yTo 1500.
856 42 $3Publisher description$uhttp://www.loc.gov/catdir/enhancements/fy1310/2010518864-d.html